Ordenación del sector público en España
Guardat en:
| Autor principal: | |
|---|---|
| Format: | Llibre |
| Idioma: | espanyol |
| Publicat: |
Madrid
Civitas
1973
|
| Col·lecció: | Monografías Civitas
|
| Matèries: | |
| Etiquetes: |
Afegir etiqueta
Sense etiquetes, Sigues el primer a etiquetar aquest registre!
|
MARC
| LEADER | 00000nam a2200000 a 4500 | ||
|---|---|---|---|
| 001 | UCS0625 | ||
| 003 | CL-VaPUC | ||
| 008 | 970426e19730000SP |||||||||||||||||spa|d | ||
| 082 | 0 | 4 | |a 351.009 |b MAR |2 21 |
| 100 | |a Martín Mateo, Ramón |e autor |9 561628 | ||
| 245 | 1 | 0 | |a Ordenación del sector público en España |
| 300 | |a 601 p | ||
| 942 | |c BK | ||
| 945 | |d 19970426 00:00:00 |a paguirre | ||
| 260 | |a Madrid |b Civitas |c 1973 | ||
| 650 | 0 | |a Administración pública |9 255343 | |
| 650 | 0 | |a Empresas públicas |9 338439 | |
| 650 | 0 | |a Política fiscal |9 317354 | |
| 650 | 7 | |a NACIONALIZACION |2 CL-VaPUC |9 257239 | |
| 650 | 0 | |a Gobierno local |9 258648 | |
| 650 | 0 | |a Municipalidades |9 255557 | |
| 650 | 0 | |a Hacienda pública |9 258673 | |
| 651 | 0 | |a España |9 254926 | |
| 583 | |a last modification |c 20170823 12:30:46 |k Rodrigo Vera | ||
| 490 | 0 | |a Monografías Civitas | |
| 999 | |c 258845 |d 258843 | ||
| 952 | |0 0 |1 0 |4 0 |6 351_009000000000000_MAR_1973 |7 0 |8 A |9 283184 |a BIBDER |b BIBDER |d 2019-11-19 |i 1838830 |o 351.009 MAR 1973 |p 1838830 |r 2023-01-25 |w 2019-11-19 |y BK |k DER | ||